UM Logo

Facing the Crises : (Record no. 13365)

MARC details
000 -LEADER
fixed length control field 00905nam a22002177a 4500
008 - FIXED-LENGTH DATA ELEMENTS--GENERAL INFORMATION
fixed length control field 190308b ||||| |||| 00| 0 eng d
020 ## - INTERNATIONAL STANDARD BOOK NUMBER
International Standard Book Number 9781443862400
082 ## - DEWEY DECIMAL CLASSIFICATION NUMBER
Edition number 2014
Classification number AV-CD 820.90092
Item number M415
245 ## - TITLE STATEMENT
Title Facing the Crises :
Remainder of title anglophone literature in the postmodern world /
Statement of responsibility, etc. Edited by Ljubica Matek and Jasna Poljak Rehlicki.
250 ## - EDITION STATEMENT
Edition statement First Edition
260 ## - PUBLICATION, DISTRIBUTION, ETC. (IMPRINT)
Name of publisher, distributor, etc. Cambridge Scholars Publishing,
Date of publication, distribution, etc. ©2014.
300 ## - PHYSICAL DESCRIPTION
Extent 220 pages;
500 ## - GENERAL NOTE
General note Includes index.
650 ## - SUBJECT ADDED ENTRY--TOPICAL TERM
Topical term or geographic name as entry element American literature -- 21st century -- History and criticism.
9 (RLIN) 37335
650 ## - SUBJECT ADDED ENTRY--TOPICAL TERM
Topical term or geographic name as entry element Crisis in literature.
9 (RLIN) 37336
650 ## - SUBJECT ADDED ENTRY--TOPICAL TERM
Topical term or geographic name as entry element English literature -- 21st century -- History and criticism.
9 (RLIN) 37337
700 ## - ADDED ENTRY--PERSONAL NAME
Personal name Matek,Ljubica editor.
9 (RLIN) 37338
700 ## - ADDED ENTRY--PERSONAL NAME
Personal name Rehlicki, Jasna Poljak editor.
9 (RLIN) 37339
856 ## - ELECTRONIC LOCATION AND ACCESS
Link text https://ebookcentral.proquest.com/lib/uniofmindanao-ebooks/detail.action?docID=1724958
942 ## - ADDED ENTRY ELEMENTS (KOHA)
Source of classification or shelving scheme Dewey Decimal Classification
Koha item type Ebooks
Holdings
Withdrawn status Lost status Source of classification or shelving scheme Damaged status Not for loan Home library Current library Shelving location Date acquired Source of acquisition Total Checkouts Full call number Barcode Date last seen Copy number Price effective from Koha item type
    Dewey Decimal Classification     UM Digos College - LIC UM Digos College - LIC Processing Center 03/08/2019 Downloaded   AV-CD 820.90092 M415 Eb012 03/08/2019 1 03/08/2019 Ebooks